• 首页
  • 本馆介绍
  • 公告通知
  • 最新文献
  • 馆藏检索
  • 电子资源
  • 读者导购
  • 参考咨询
  • 我的图书馆
  • 登录
  • 详细信息显示
  • 放入我的书架
  • 预约/预借图书
  • 作者相关作品
  • 分类相关作品
  • 丛书相关作品
  • 出版社相关作品

书目信息

  • 表格格式
  • 工作单格式
  • 卡片格式
题名:
少年合唱曲集
    
 
作者: 邵紫绶 编著
分册:  
出版信息: 太原   山西教育出版社  1999
页数: 121页
开本: 26cm
丛书名: 少儿特长培养与训练系列
单 册:
中图分类: J652.6
科图分类:
主题词: 合唱--儿童歌曲--世界--选集 , 合唱 , 儿童歌曲
电子资源:
ISBN: 7-5440-1803-2
000 00700oam2 2200253 450
001 1258940124
005 20121019162259.96
010    @a7-5440-1803-2@dCNY10.50
100    @a19990930d1999 cdmy0chiy0110 ea
101 0  @achi
102    @aCN@b140000
105    @ag z 000yy
200 1  @a少年合唱曲集@Ashao nian he chang qu ji@f邵紫绶编著
210    @a太原@c山西教育出版社@d1999
215    @a121页@d26cm
225 2  @a少儿特长培养与训练系列
461  0 @12001 @a少儿特长培养与训练系列
606 0  @a合唱@x儿童歌曲@y世界@x选集
606 0  @a合唱
606 0  @a儿童歌曲
690    @aJ652.6@v3
701  0 @a邵紫绶@Ashao zi shou@4编著
801  0 @aCN@bNLC@c20101222
905    @a10447@dJ652.6@eJY72
    
    少年合唱曲集/邵紫绶编著.-太原:山西教育出版社,1999
    121页;26cm.-(少儿特长培养与训练系列)
    
    
    ISBN 7-5440-1803-2:CNY10.50
    
●
相关链接 在E读中查询图书 在五车中查询图书 在当当中查询图书 在豆瓣中查询图书


正题名:少年合唱曲集     索取号:J652.6/JY72         预约/预借

序号 登录号 条形码 馆藏地/架位号 状态 备注
1 7834085   278340859   学院路分馆/ [索取号:J652.6/JY72] 在馆    
2 7834086   278340868   学院路分馆/ [索取号:J652.6/JY72] 在馆    
唐山师范学院图书馆 欢迎您!
大连网信软件有限公司© 版权所有